Chansons de Blackpink - Mort subite - Statistiques

Statistiques générales
  • Ce quiz a été pris 981 fois
  • Le résultat moyen est 18 sur 23
Answers on the Grid
Answers color-coded by a green-red scale on the quiz's grid according to % correct below.
Kill This Love
I Am The Best
DDU-DU DDU-DU
FANCY
As If It's Your Last
BOOMBAYAH
Pretty Savage
HIP
Shut Down
STAY
How You Like That
See U Later
DUN DUN
POP/STARS
PLAYING WITH FIRE
Really
Pink Venom
GO HARD
Lovesick Girls
Forever Young
SO BAD
ANTIFRAGILE
Don't Know What To Do
WHISTLE
Tally
Uh-Oh
Ice Cream
BOP BOP!
Gnarly
Typa Girl
The Happiest Girl
Cosmic
Ready For Love
Kick It
You Never Know
 
Statistiques - réponses
Réponse % Correct
Kill This Love
97%
BOOMBAYAH
94%
DDU-DU DDU-DU
94%
How You Like That
93%
Pink Venom
90%
Shut Down
89%
Pretty Savage
88%
Lovesick Girls
85%
As If It's Your Last
83%
Ice Cream
83%
WHISTLE
81%
PLAYING WITH FIRE
80%
Forever Young
79%
Typa Girl
77%
Ready For Love
74%
STAY
74%
Don't Know What To Do
71%
See U Later
68%
The Happiest Girl
66%
You Never Know
66%
Kick It
63%
Really
63%
Tally
61%
Aucun quiz correspondant
Distribution des résultats
% des personnes avec chaque résultat
Percentile par nombre de réponses
Votre historique - résultats
Vous n’avez pas pris ce quiz